000 00767nam a22002177a 4500
003 UA-OsUOA
001 129684
007 ta
008 20180319b un ||||| |||| 00| 0 ukr d
100 _aНазаренко Е.
090 _a94(477)
_bН19
942 _cSA
040 _aUA-OsUOA
_bukr
_cUA-OsUOA
_dUA-OsUOA
245 _aОлена Отт-Скоропадська: "Батько вважав, що єдиним виходом для України є її незалежність". Голос із минулого - останнє інтерв'ю гетьманівни
300 _aС.14-15
955 _a0
041 _aukr
080 _a94(477)
773 0 _w129683
650 7 _a9 Географія. Біографії. Історія
_2UDC
999 _c417543
_d417543